10 najpotężniejszych armii na świecie. - Statystyki

Ogólne statystyki
  • Ten quiz został rozwiązany 38 razy
  • Średni wynik to 9 z 10
Statystyki odpowiedzi
Miejsca Odpowiedź % Poprawnych
4. Indie
100%
2. Rosja
100%
1. USA
100%
3. Chiny
96%
7. Japonia
96%
5. Korea Południowa
85%
9. Pakistan
85%
6. Wielka brytania
85%
8. Turcja
81%
10. Włochy
65%
Nie znaleziono quizów pasujących do podanych kryteriów
Rozkład punktacji
Procent ludzi z każdym wynikiem
Percentyl według liczby udzielonych odpowiedzi
Twoja historia wyników
Nie rozwiązałeś tego quizu